000 00426nam a2200181Ia 4500
003 OSt
005 20260326123745.0
008 250729s2010 xx 000 0 und d
040 _cAL
041 _aeng
082 _a420.3 RAMU
100 _aH.S.Rama Rao
_9230549
245 _aUse your english
260 _aMangalore
_bGovt College of Teacher
_c2010
300 _a118p
650 _aEnglish
_9230550
942 _2ddc
_cBED
999 _c238837
_d238837